Normal view MARC view
  • LITURGIA

Entry TÉRMINO TEMÁTICO

Number of records used in: 1

001 - NUMERO DE CONTROL DEL REGISTRO

  • campo de control: 429391

003 - IDENTIFICADOR DEL NUMERO DE CONTROL

  • campo de control: ES-SlBCS

005 - FECHA Y HORA DE LA ULTIMA TRANSACCION

  • campo de control: 20260312091937.0

008 - ELEMENTOS DE LONGITUD FIJA

  • campo de control de longitud fija: 260312|| aca||aabn | a|a d

040 ## - FUENTE DE LA CATALOGACION

  • Agencia que crea de manera original el registro: ES-SlBCS
  • Agencia que realiza la transcripción: ES-SlBCS

150 ## - ENCABEZAMIENTO - TEMÁTICO

  • Encabezamiento temático: LITURGIA
  • Subdivisión de forma: Guiones litúrgicos Ciclo C

670 ## - FUENTE EN LA QUE SE LOCALIZARON DATOS

  • Cita de la fuente: Work cat.: (ES-SlBCS): Pérez Garcìa, José Ignacio (coord.) - Moreno Losada, José - Acevedo Gòmez, Casto - González Visuete - Morquecho Gil, Juan Antonio 429390, Allí donde nos necesitas abrimos camino a la esperanza. Cuaresma y Pascua 2025. Guiones litúrgicos Ciclo C, 2025

Bibliotecas Dominicos Provincia Hispania, 2016

Con tecnología Koha